| 000 | 01347nam2a2200265 4500 | ||
|---|---|---|---|
| 001 | RU\NLR\BIBL_A\012020855 | ||
| 005 | 20190613154414.0 | ||
| 010 |
_a978-5-4224-1528-1 _bкн. 2 |
||
| 021 |
_aRU _bКН-П-19-031716 _9КН-П-19-2364 |
||
| 035 | _a(NLR Aleph) 012020855 | ||
| 035 | _a(RuMoRGB)009966942 | ||
| 090 |
_a11500769 _c11500769 |
||
| 100 | _a20190523d2019 u y0rusy50 ca | ||
| 101 | 1 |
_arus _cger |
|
| 102 | _aRU | ||
| 105 | _ay|||z|||000zy | ||
| 200 | 1 |
_aУспех _eтри года из истории одной провинции _aКн. 2: Семья Опперман _f[пер. с нем. В. Вальдман, И. Горкиной] |
|
| 215 | _a734, [1] с. | ||
| 461 | 0 |
_1001RU\NLR\BIBL_A\012020852 _12001#$aЗал ожидания$eтрилогия$e[перевод с немецкого]$fЛион Фейхтвангер$vКн. 1, ч. 4-5 _1700#1$aФейхтвангер$bЛ.$f1884-1958$gЛион$3RU\NLR\AUTH\7715186 _911500753 _aФейхтвангер, Л. (1884-1958) _cМосква _d2019 _fЛион Фейхтвангер _nТерра _oтрилогия : [перевод с немецкого] _tЗал ожидания _y9785422415267 _vКн. 1, ч. 4-5 |
|
| 517 | 1 | _aСемья Опперман | |
| 942 | _cBOOK | ||
| 980 | _aNB | ||